I don't want to go to church! : (Record no. 355574)
[ view plain ]
| 000 -LEADER | |
|---|---|
| fixed length control field | 00572nam a2200205Ia 4500 |
| 008 - FIXED-LENGTH DATA ELEMENTS--GENERAL INFORMATION | |
| fixed length control field | 180207s9999 xx 000 0 und d |
| 020 ## - INTERNATIONAL STANDARD BOOK NUMBER | |
| International Standard Book Number | 9789715907019 |
| 050 ## - LIBRARY OF CONGRESS CALL NUMBER | |
| Item number | F192 2009 |
| 100 ## - MAIN ENTRY--PERSONAL NAME | |
| Personal name | Falkenhain, John Mark |
| 245 ## - TITLE STATEMENT | |
| Title | I don't want to go to church! : |
| 245 ## - TITLE STATEMENT | |
| Remainder of title | turning the struggle into a celebration / |
| 245 ## - TITLE STATEMENT | |
| Statement of responsibility, etc | by John Mark Falkenhain ; illustrated by R. W. Alley. |
| 260 ## - PUBLICATION, DISTRIBUTION, ETC. (IMPRINT) | |
| Place of publication, distribution, etc | USA : |
| 260 ## - PUBLICATION, DISTRIBUTION, ETC. (IMPRINT) | |
| Name of publisher, distributor, etc | One Caring Place, |
| 260 ## - PUBLICATION, DISTRIBUTION, ETC. (IMPRINT) | |
| Date of publication, distribution, etc | 2009 |
| 300 ## - PHYSICAL DESCRIPTION | |
| Extent | unpaged : |
| 300 ## - PHYSICAL DESCRIPTION | |
| Other physical details | chiefly colored ; |
| 300 ## - PHYSICAL DESCRIPTION | |
| Dimensions | 21cm. |
| 440 ## - SERIES STATEMENT/ADDED ENTRY--TITLE | |
| Title | Phonics readers. |
| Withdrawn status | Lost status | Damaged status | Home library | Current library | Date acquired | Total Checkouts | Full call number | Barcode | Date last seen | Price effective from | Koha item type |
|---|---|---|---|---|---|---|---|---|---|---|---|
| Stonyhurst Southville International School (Malarayat) | Stonyhurst Southville International School (Malarayat) | 02/07/2018 | ER F192 2009 | SSISM5119 | 02/07/2018 | 02/07/2018 | Books |